000 00575nam a22001697a 4500
020 _qHard Cover.
082 _aBICSE-6 ARS
100 _aArslan Shaukat Bhatti.
245 _aKinect for Therapy /
_cBhatti, Arslan Shaukat
260 _aIslamabad:
_bSEECS-NUST,
_c2012.
300 _a39 p. :
_bill. ;
_c30cm.
650 _aBachelor of Information and Computer Science Engineering .
_955498
700 _aDr. Murtaza Khan
_955499
856 _uhttp://10.250.8.41:8080/xmlui/handle/123456789/10318
942 _2ddc
_cPR
999 _c566341
_d566341